Essentials of Artificial Intelligence (Record no. 12239)

MARC details
000 -LEADER
fixed length control field 00274nam a22000977a 4500
008 - FIXED-LENGTH DATA ELEMENTS--GENERAL INFORMATION
fixed length control field 230411b |||||||| |||| 00| 0 eng d
020 ## - INTERNATIONAL STANDARD BOOK NUMBER
International Standard Book Number 9789390851935
100 ## - MAIN ENTRY--PERSONAL NAME
Personal name Sharma Kartik
9 (RLIN) 7664
245 ## - TITLE STATEMENT
Title Essentials of Artificial Intelligence
260 ## - PUBLICATION, DISTRIBUTION, ETC. (IMPRINT)
Place of publication, distribution, etc. New Delhi
Name of publisher, distributor, etc. Sultan Chand
Date of publication, distribution, etc. 2022
Holdings
Withdrawn status Lost status Source of classification or shelving scheme Damaged status Koha normalized classification for sorting Not for loan Home library Current library Shelving location Date acquired Total Checkouts Total Renewals Full call number Barcode Date last seen Date last checked out Price effective from Koha item type
    Dewey Decimal Classification   SHA_006_300000000000000   Good Samaritan School Library Good Samaritan School Library Computer Science 04/11/2023 1 1 SHA006.3 SHA17472 01/20/2024 04/11/2023 04/11/2023 BOOK
    Dewey Decimal Classification   SHA_006_300000000000000   Good Samaritan School Library Good Samaritan School Library Computer Science 04/11/2023     SHA006.3 SHA17473 04/11/2023   04/11/2023 BOOK

Powered by Koha